[Event "ch-SCG jr"]
[Site "Vrnjacka Banja SCG"]
[Date "2005.08.21"]
[Round "11"]
[White "Ristic,Neb2"]
[Black "Pavlik,G"]
[Result "1/2-1/2"]
[WhiteElo "2183"]
[BlackElo "2190"]

1.d4 d5 2.c4 e6 3.Nc3 Be7 4.Nf3 Nf6 5.Bf4 O-O 6.e3 Nbd7 7.a3 c5 8.cxd5 Nxd5
9.Nxd5 exd5 10.Be2 c4 11.O-O b5 12.Nd2 Bb7 13.Bg3 Qb6 14.Qc2 Bd6 15.b3 Bxg3
16.hxg3 Nf6 17.Rab1 Qc7 18.bxc4 bxc4 19.Qc3 Rab8 20.Bf3 Bc6 21.Rfc1 Ba8 22.Bd1 Rfe8
23.Bc2 Rec8 24.Nf3 Rxb1 25.Rxb1 Rb8 26.Ne5 Rxb1+ 27.Bxb1 g6 28.g4 Qb7 29.Bc2 Nd7
30.Nf3 h6 31.g5 hxg5 32.Nxg5 Nf6 33.Qb4 Qxb4 34.axb4 Kf8 35.Kf1 Ke7 36.Ke2 Bc6
37.f3 Ne8 38.e4 f6 39.Nh3 g5 40.Nf2 Nc7 41.Kd2 Ke6 42.Nd1 Nb5 43.Ke3 Nc7
44.Nc3 Kd6 45.Bd1 Bd7 46.g3 Bc6 47.Bc2 Ke6 48.exd5+ Nxd5+ 49.Nxd5 Bxd5 50.f4 gxf4+
51.gxf4 Kd6 52.Kd2 Be6 53.Be4 Bf7 54.Kc3 Bd5 55.Bf5 Kc6 56.Bg6 Kb6 57.Be8 Ka6
58.Bd7 Kb6 59.b5 Ka5 60.Be8 a6 61.bxa6 Kxa6 62.Kb4 Kb6 63.Bh5 Kc6 64.Be2 Kd6
65.Bxc4 Be4 66.Kc3 Bc6 67.Kd3 Bg2 68.Ke3 Bh1 69.Bd3 Kd5 70.Be2 Bg2 71.Ba6 Kd6
72.Bc4 Bh1 73.f5 Bg2 74.Kf4 Bh1 75.Kg4 Be4 76.Be6 Bd5 77.Bc8 Be4 78.Kf4 Bg2
79.Ba6 Bh1 80.Bc4 Bg2 81.Ke3 Bh1 82.Be6 Bb7 83.Bb3 Bg2 84.Ba4 Bf1 85.Bc2 Kd5
86.Bd3 Bg2 87.Ba6 Kd6 88.Be2 Kd5 89.Bh5 Bh1 90.Bf7+ Kd6 91.Kf4 Bg2 92.Kg4 Bd5
93.Bh5 Be4 94.Bf7 Bd5 95.Be8 Be4 96.Bf7 Bd5 97.Bg6 Be4 98.Kf4 Kd5 99.Ke3 Bg2
100.Be8 Kd6 101.Bb5 Bh1 102.Ba6 Bg2 103.Kf4 Bh1 104.Ke3 Bg2 105.Bd3 Kd5 106.Bb1 Kd6
107.Be4 Bf1 108.Kd2 Bh3 109.Ke2 Bg4+ 110.Kf2 Bh3 111.Kf3 Bf1 112.Kg3 Be2
113.Bf3 Bd3 114.Kg4 Bc2 115.Kf4 Bd3 116.Be4 Bf1 117.Ke3 Bh3 118.Bc2 Bg2 119.Bb3 Bh3
120.Kf4 Bg2 121.Kg4 Bd5 122.Bc2 Bg2 123.Bb3 Bd5  1/2-1/2

[Event "2nd Open Fincas Mediterranea"]
[Site "Castelldefels ESP"]
[Date "2005.08.23"]
[Round "7"]
[White "Purnama,T"]
[Black "Gonzalez Valenzuela,D"]
[Result "1-0"]
[WhiteElo "2337"]
[BlackElo "2112"]

1.d4 d5 2.c4 e6 3.Nf3 Nf6 4.Nc3 Be7 5.Bf4 c6 6.e3 O-O 7.a3 Nbd7 8.Rc1 Re8
9.Bd3 dxc4 10.Bxc4 b5 11.Bd3 Bb7 12.O-O a6 13.a4 b4 14.Ne4 Nxe4 15.Bxe4 Qb6
16.Nd2 c5 17.Nc4 Qa7 18.Bxb7 Qxb7 19.Nd6 Bxd6 20.Bxd6 c4 21.Qe2 Qc6 22.Bxb4 Qxa4
23.Qxc4 Rab8 24.Ba3 Qb5 25.Qc7 Nf6 26.Rc5 Qe2 27.Rfc1 h6 28.R5c2 Qd3 29.Qc4 Qxc4
30.Rxc4 Rb6 31.Rc7 Reb8 32.Kf1 Nd5 33.R7c5 Kh7 34.e4 Nf6 35.f3 Rd8 36.R5c4 Kg6
37.Ke2 Rb3 38.g4 Nd7 39.h4 Nf6 40.h5+ Kh7 41.Rc7 Kg8 42.Ra7 Rb6 43.Rcc7 Ne8
44.Rxf7 Rxd4 45.Rf8+  1-0

[Event "8th Open"]
[Site "Banyoles ESP"]
[Date "2005.08.24"]
[Round "8"]
[White "Bromberger,S"]
[Black "Narciso Dublan,M"]
[Result "1/2-1/2"]
[WhiteElo "2491"]
[BlackElo "2476"]

1.d4 d5 2.c4 e6 3.Nc3 Nf6 4.Nf3 Be7 5.Bf4 O-O 6.e3 c5 7.dxc5 Bxc5 8.Qc2 Nc6
9.a3 Qa5 10.Nd2 Bb4 11.cxd5 exd5 12.Bd3 Be7 13.O-O Be6 14.Nb3 Qd8 15.Rad1 Rc8
16.Qb1 Qb6 17.Nb5 Bg4 18.Rc1 Bh5 19.N3d4 Bg6 20.Nxc6 bxc6 21.Nd6 Bxd6 22.Bxd6 Rfe8
23.b4  1/2-1/2

[Event "25th Open"]
[Site "Bratto ITA"]
[Date "2005.08.24"]
[Round "5"]
[White "Epishin,V"]
[Black "Atalik,S"]
[Result "1-0"]
[WhiteElo "2600"]
[BlackElo "2561"]

1.d4 Nf6 2.c4 e6 3.Nf3 d5 4.Nc3 Be7 5.Bf4 O-O 6.e3 c5 7.dxc5 Bxc5 8.Qc2 Nc6
9.Rd1 Qa5 10.a3 Be7 11.Be2 dxc4 12.Bxc4 Nh5 13.O-O Nxf4 14.exf4 g6 15.g3 Bf6
16.Rd3 Qf5 17.Re1 Na5 18.Ba2 Bd7 19.Nh4 Bxh4 20.Re5 Qg4 21.Rxd7 Nc6 22.Rb5 Bf6
23.Kg2 e5 24.Rbxb7 Nd8 25.Nd5 Bg7 26.Rxa7 Rxa7 27.Rxa7 exf4 28.Nxf4 Bh6 29.h3 Qg5
30.b4 Qe5 31.Ra5 Qb8 32.Qe4 Bg7 33.Bd5 Qc7 34.Ra8  1-0

[Event "Nordic Championships"]
[Site "Vammala FIN"]
[Date "2005.08.25"]
[Round "2"]
[White "Agrest,E"]
[Black "Sammalvuo,T"]
[Result "1-0"]
[WhiteElo "2592"]
[BlackElo "2441"]

1.d4 d5 2.Nf3 Nf6 3.c4 e6 4.Nc3 Be7 5.Bf4 O-O 6.e3 c5 7.dxc5 Bxc5 8.a3 Nc6
9.Qc2 Qa5 10.Nd2 Be7 11.Bg3 Bd7 12.Be2 Rfc8 13.Rd1 Qd8 14.cxd5 exd5 15.Nf3 Qb6
16.O-O Be6 17.Qb1 Na5 18.Na4 Qd8 19.Nd4 Bd7 20.Nc3 Bxa3 21.Qa2 Bb4 22.Nxd5 Nxd5
23.Qxd5 Qe8 24.Nf5 Be6 25.Nxg7 Bxd5 26.Nxe8 Bc4 27.Bxc4 Nxc4 28.Nc7 Rxc7
29.Bxc7 Nxb2 30.Rd7 Bc3 31.Rc1 Bf6 32.Bf4 b5 33.Rc6 Bg7 34.Rb7 a5 35.Rxb5 a4
36.Rcb6  1-0

[Event "XVI ch-NATO"]
[Site "Kolobrzeg POL"]
[Date "2005.08.26"]
[Round "6"]
[White "Schenk,An"]
[Black "Bon,M"]
[Result "1-0"]
[WhiteElo "2497"]
[BlackElo "2180"]

1.d4 d5 2.Nf3 Nf6 3.c4 e6 4.Nc3 Be7 5.Bf4 O-O 6.e3 b6 7.cxd5 exd5 8.Bd3 Bb7
9.Ne5 a6 10.Qf3 c5 11.Rd1 c4 12.Bxc4 Ne4 13.Bb3 Bb4 14.O-O Bxc3 15.bxc3 Nxc3
16.Rc1 Ne4 17.Rc2 a5 18.a3 b5 19.Rfc1 Qe7 20.Nxf7 Qxa3 21.Qg4 Rxf7 22.Rc8+ Bxc8
23.Rxc8+ Rf8 24.Bxd5+ Kh8 25.Rxf8+ Qxf8 26.Bxa8 Nc3 27.Bd6 Qg8 28.d5 b4 29.Be5 h5
30.Qxh5+ Qh7 31.Qe8+ Qg8 32.Qe7 Ne4 33.Qh4+ Qh7 34.Qd8+ Qg8 35.Qxa5 b3 36.Qb5 Qc8
37.Bc6 Nxc6 38.dxc6 Qg4 39.f3 Qh4 40.g3 Qg5 41.fxe4 Qxe3+ 42.Kg2 Qxe4+ 43.Kf2  1-0

[Event "Operation Capablanca"]
[Site "Vienna AUT"]
[Date "2005.08.27"]
[Round "4"]
[White "Markos,J"]
[Black "Pokorna,Reg"]
[Result "1-0"]
[WhiteElo "2495"]
[BlackElo "2377"]

1.d4 Nf6 2.Nf3 e6 3.c4 d5 4.Nc3 Be7 5.Bf4 c5 6.dxc5 Na6 7.e3 Nxc5 8.cxd5 Nxd5
9.Nxd5 exd5 10.Bb5+ Bd7 11.Bxd7+ Qxd7 12.O-O O-O 13.Be5 Rfd8 14.Qd4 Ne6 15.Qg4 f6
16.Bc3 Ng5 17.Qxd7 Nxf3+ 18.gxf3 Rxd7 19.Rfd1 b6 20.Rd3 Kf7 21.Kf1 Ke6 22.Ke2 Rc8
23.f4 Rc4 24.Rad1 Rc8 25.e4 Rc4 26.f5+ Kf7 27.f3 Bb4 28.Bxb4 Rxb4 29.b3 d4
30.a3 Rb5 31.b4 Re7 32.Kf2 g6 33.fxg6+ hxg6 34.Rxd4 Rh5 35.Kg3 Rg5+ 36.Kf4 Rh5
37.R1d2 Rh4+ 38.Kg3 g5 39.Rd8 Kg6 40.Rg8+ Kf7 41.Rgd8 Kg6 42.R2d7 Rhh7 43.Rd6 Rhf7
44.h4 gxh4+ 45.Kxh4 Rh7+ 46.Kg4 Kf7 47.R8d7 Kg6 48.Rxe7 Rxe7 49.b5 Re5 50.a4 Re7
51.Kf4 Kf7 52.Rc6 Kg7 53.Kf5 Re5+ 54.Kg4 Re7 55.Rc4 Kf7 56.f4 Kg6 57.Rd4 Rc7
58.Rd6 Rc4 59.e5 Kf7 60.Rxf6+ Ke7 61.a5  1-0

[Event "BDO Challengers"]
[Site "Haarlem NED"]
[Date "2005.08.29"]
[Round "3"]
[White "Merbis,M"]
[Black "Dek,L"]
[Result "1-0"]
[WhiteElo "2136"]
[BlackElo "2203"]

1.d4 d5 2.c4 e6 3.Nc3 Be7 4.Nf3 Nf6 5.Bf4 O-O 6.e3 b6 7.Bd3 Bb7 8.cxd5 exd5
9.O-O Nbd7 10.Ne5 Re8 11.Rc1 a6 12.Bg3 Bd6 13.f4 Ne4 14.Nxe4 dxe4 15.Bc4 Rf8
16.Qb3 Qe8 17.Bh4 b5 18.Nxd7 Qxd7 19.Bd5 Bxd5 20.Qxd5 Rfe8 21.h3 Qe6 22.Qxe6 Rxe6
23.f5 Ree8 24.g4 f6 25.Kg2 Kf7 26.Rc6 Ke7 27.Rfc1 Ra7 28.Bg3 Bxg3 29.Kxg3 Kd7
30.Kf4 Re7 31.h4 h6 32.R1c5 a5 33.d5 b4 34.Re6 Rxe6 35.dxe6+ Kd6 36.Rc2 c5
37.Kxe4 Rc7 38.Rd2+ Kc6 39.Rd7 Rc8 40.Kd3 Kb5 41.b3 a4 42.bxa4+ Kc6 43.Kc4 Ra8
44.Rd5 Rxa4 45.Rxc5+ Kd6 46.Rd5+ Ke7 47.Kb3 Ra3+ 48.Kxb4 Rxa2 49.Rd7+ Kf8
50.Rd8+ Ke7 51.Rg8 g5 52.hxg5 hxg5 53.Kc5 Ra5+ 54.Kc6 Rc5+ 55.Kb6 Rc4 56.Rg7+ Ke8
57.Rf7 Rxg4 58.Rxf6 Re4 59.Rg6 g4 60.Kc6 Ke7 61.Kd5 Rxe3 62.Rxg4 Kf6 63.Re4 Rd3+
64.Kc6 Rc3+ 65.Kd7 Rd3+ 66.Ke8 Kxf5 67.Re1 Kf6 68.e7 Kg7 69.Rg1+ Kh6 70.Rg4 Kh5
71.Rg7  1-0

[Event "58th ch-RUS Semi-Final"]
[Site "Kazan RUS"]
[Date "2005.09.03"]
[Round "1"]
[White "Tkachiev,V"]
[Black "Savchenko,B"]
[Result "1-0"]
[WhiteElo "2625"]
[BlackElo "2534"]

1.d4 Nf6 2.Nf3 d5 3.c4 e6 4.Nc3 Be7 5.Bf4 Ne4 6.e3 Nxc3 7.bxc3 O-O 8.Bd3 c5
9.O-O Nc6 10.Qe2 cxd4 11.cxd5 exd5 12.cxd4 Bd6 13.Bxd6 Qxd6 14.Rac1 Bg4 15.Bxh7+ Kh8
16.Bd3 Rae8 17.Qb2 Bxf3 18.gxf3 Re6 19.f4 Rg8 20.Kh1 Rh6 21.f3 Qe7 22.Rce1 Re8
23.Rg1 Qh4 24.Qg2 g6 25.Re2 Qf6 26.Qg5 Kg7 27.Qxd5 a6 28.Qg5 Qd6 29.Bc4 Reh8
30.Bb3 Rh5 31.Qg4 b5 32.Reg2 Ne7 33.Qg3 a5 34.Qf2 a4 35.Bc2 Nd5 36.Be4 Nc3
37.Bxg6 fxg6 38.Qc2 Qc7 39.Qxg6+ Kf8 40.Qf6+  1-0

[Event "58th ch-RUS Semi-Final"]
[Site "Kazan RUS"]
[Date "2005.09.04"]
[Round "2"]
[White "Smirnov,P"]
[Black "Bezgodov,A"]
[Result "1/2-1/2"]
[WhiteElo "2635"]
[BlackElo "2548"]

1.d4 d5 2.c4 e6 3.Nc3 Be7 4.Nf3 Nf6 5.Bf4 O-O 6.e3 c5 7.dxc5 Bxc5 8.a3 Nc6
9.Qc2 Qa5 10.Nd2 Be7 11.Bg3 Bd7 12.Be2 Qb6 13.b4 d4 14.Na4 Qd8 15.O-O Rc8
16.b5 Na5 17.Qd3 dxe3 18.Qxe3 a6 19.Rac1 Nxc4 20.Nxc4 axb5 21.Nab6 Bc5 22.Qg5 h6
23.Qh4 Bxb6 24.Nxb6 Qxb6 25.Be5 Nd5 26.Qg3 f6 27.Bd6 Rxc1 28.Rxc1 Rc8 29.Rxc8+ Bxc8
30.Bf3 Qd4 31.h3 g5 32.Bxd5 Qxd5 33.Be7 Kf7 34.Qc7 Qd7 35.Qxd7 Bxd7 36.Bd8 h5
37.f3 e5 38.Kf2 Kg6 39.Bc7 Bc6 40.Bd8 f5 41.Bc7 e4 42.fxe4 fxe4 43.Bb6 Kf5
44.Be3 Bd5 45.Bd2 Bc4 46.Be3 h4 47.Bd2 g4 48.hxg4+ Kxg4 49.Bb4 Bd5 50.Bd6 e3+
51.Kxe3 Bxg2 52.Kf2 h3 53.Kg1 Kf3 54.Kh2 Ke4  1/2-1/2

[Event "zt 2.3"]
[Site "Guayaquil ECU"]
[Date "2005.09.06"]
[Round "3"]
[White "Arencibia,W"]
[Black "Mieles Palau,D"]
[Result "1-0"]
[WhiteElo "2527"]
[BlackElo "2476"]

1.d4 d5 2.c4 e6 3.Nc3 Nf6 4.Nf3 Be7 5.Bf4 O-O 6.e3 c6 7.a3 Nbd7 8.h3 b6 9.Rc1 Bb7
10.cxd5 exd5 11.Bd3 Re8 12.O-O Nf8 13.Bg3 a6 14.b4 Bd6 15.Bxd6 Qxd6 16.Qb3 N8d7
17.a4 a5 18.bxa5 Rxa5 19.Ne5 Rea8 20.f4 g6 21.Rfd1 Qe6 22.Rd2 Nxe5 23.fxe5 Nd7
24.e4 Ba6 25.exd5 cxd5 26.Nb5 Nf8 27.Nc7 Rc8 28.Bxa6 Rxa6 29.Rdc2 Rxc7 30.Rxc7  1-0

[Event "zt 2.3"]
[Site "Guayaquil ECU"]
[Date "2005.09.08"]
[Round "5"]
[White "Arencibia,W"]
[Black "Murillo,Alex"]
[Result "1/2-1/2"]
[WhiteElo "2527"]
[BlackElo "2362"]

1.d4 d5 2.c4 e6 3.Nf3 Nf6 4.Nc3 Be7 5.Bf4 O-O 6.e3 c5 7.dxc5 Bxc5 8.Qc2 Qa5
9.Be2 a6 10.O-O dxc4 11.Bxc4 Nc6 12.a3 Be7 13.Rfd1 Qh5 14.Be2 Qf5 15.Bd3 Qh5
16.Ne4 h6 17.Rac1 Qa5 18.Nd6 Qh5 19.Nc4 Nd5 20.Bg3 Bf6 21.e4 Nde7 22.Bd6 e5
23.Be2 Bg4 24.Qb3 Ng6 25.Bxf8 Nf4 26.Qe3 Rxf8 27.Bf1 Bg5 28.Nxg5 Bxd1 29.Nh3 Nxh3+
30.Qxh3 Qxh3 31.gxh3 Rd8 32.Kg2 Bb3  1/2-1/2

[Event "EYb18"]
[Site "Herceg Novi SCG"]
[Date "2005.09.14"]
[Round "1"]
[White "Luch,M"]
[Black "Rodic,Do"]
[Result "1-0"]
[WhiteElo "2414"]
[BlackElo "2156"]

1.d4 d5 2.c4 e6 3.Nc3 Nf6 4.Nf3 Be7 5.Bf4 c6 6.e3 Nbd7 7.Qc2 O-O 8.Bd3 dxc4
9.Bxc4 Nb6 10.Be2 Nbd5 11.Bg5 Nd7 12.Bxe7 Qxe7 13.O-O Nxc3 14.Qxc3 Re8 15.Rfd1 Kf8
16.e4 c5 17.Bb5 cxd4 18.Qxd4 a6 19.Bxd7 Rd8 20.Qb6 Bxd7 21.Qxb7 Bb5 22.Qb6 Rdc8
23.Nd4 Rab8 24.Qa5 Qc5 25.Nb3 Qe7 26.Nd4 Qa7 27.Rd2 Bc4 28.b3 Bb5 29.Rad1 e5
30.Nf5 f6 31.Qb4+ Qc5 32.Rd8+ Kf7 33.Qxc5 Rxc5 34.Rxb8  1-0

[Event "10th ECC w"]
[Site "Saint Vincent ITA"]
[Date "2005.09.18"]
[Round "1"]
[White "Khurtsidze,N"]
[Black "Kosintseva,N"]
[Result "1/2-1/2"]
[WhiteElo "2449"]
[BlackElo "2490"]

1.d4 Nf6 2.c4 e6 3.Nf3 d5 4.Nc3 Be7 5.Bf4 c5 6.dxc5 Bxc5 7.cxd5 Qb6 8.e3 Qxb2
9.Qc1 Ba3 10.Qxb2 Bxb2 11.Nb5 Bxa1 12.Nc7+ Ke7 13.d6+ Kd8 14.Nxa8 Bc3+ 15.Ke2 Nc6
16.Kd3 Ba5 17.Be2 Nd5 18.Ng5 Ke8 19.Bf3 f6 20.Ne4 e5 21.Bg3 f5 22.Nc5 e4+
23.Kc4 Nc3 24.Nc7+ Bxc7 25.Bh5+ g6 26.dxc7 Nxa2 27.Bd1 Na5+ 28.Kd4 b6 29.Ba4+ Ke7
30.Bh4+ Kd6 31.Bg3+ Ke7 32.Nb3 Nxb3+ 33.Bxb3 Nb4 34.Rc1 Bd7 35.Bh4+ Kd6 36.Bg3+ Ke7
37.Bh4+ Kd6 38.Bg3+ Ke7 39.Bh4+ Kd6 40.Bg3+ Ke7 41.Bh4+ Kd6 42.Bg3+  1/2-1/2

[Event "Open"]
[Site "Bucharest ROM"]
[Date "2005.09.19"]
[Round "4"]
[White "Barnaure,V"]
[Black "Vajda,L"]
[Result "1-0"]
[WhiteElo "2445"]
[BlackElo "2541"]

1.d4 d5 2.c4 e6 3.Nc3 Nf6 4.Nf3 Be7 5.Bf4 O-O 6.e3 a6 7.c5 Nc6 8.Bd3 b6 9.cxb6 cxb6
10.Ne5 Bb7 11.Rc1 Nxe5 12.Bxe5 b5 13.O-O Qa5 14.a4 b4 15.Ne2 Rfc8 16.Rxc8+ Rxc8
17.Ng3 Nd7 18.f4 g6 19.Qg4 b3 20.f5 Nxe5 21.dxe5 Qb4 22.Qh3 Qh4 23.fxe6 Qxh3
24.exf7+ Kf8 25.gxh3 Bg5 26.Rf3 Rc7 27.e6 Re7 28.h4 Bh6 29.Ne2 d4 30.e4 Be3+
31.Rxe3 dxe3 32.Nd4 Rc7 33.Kf1 Bxe4 34.Bxe4 Rc4 35.Nxb3  1-0

[Event "Open"]
[Site "Bucharest ROM"]
[Date "2005.09.19"]
[Round "4"]
[White "Manolache,M"]
[Black "Grigore,N"]
[Result "1/2-1/2"]
[WhiteElo "2462"]
[BlackElo "2367"]

1.d4 d5 2.Nf3 e6 3.c4 Nf6 4.Nc3 Be7 5.Bf4 O-O 6.e3 c5 7.dxc5 Nc6 8.a3 Bxc5
9.Qc2 dxc4 10.Bxc4 a6 11.Rd1 Qb6 12.O-O Be7 13.b4 Bd7 14.Na4 Qa7 15.Nc5 Be8
16.Ng5 h6 17.Ngxe6 fxe6 18.Nxe6 Bh5 19.Nxf8+ Kxf8 20.Rd2 Rd8 21.Rxd8+ Nxd8
22.h3 a5 23.e4 Bg6 24.Bd3 axb4 25.e5 b3 26.Qxb3 Bf7 27.Bc4 Ne4 28.Bxf7 Nxf7
29.Qf3 Nc5 30.Be3 Qa6 31.Rc1 Qxa3 32.Qf5 Kg8 33.e6 Ng5 34.Rxc5 Bxc5 35.Bxc5 Qa1+
36.Kh2 Qf6 37.Qxf6 gxf6 38.Be3 b5 39.h4 Nxe6 40.Bxh6 b4 41.Bd2 b3 42.Bc3 Kf7
43.h5 Nc5 44.h6 Na4 45.h7 Kg7 46.Bxf6+ Kxh7 47.Kg3 Kg6 48.Bd4 b2 49.Bxb2 Nxb2
50.Kf4 Nd3+ 51.Ke3 Ne1 52.g3 Kf5  1/2-1/2

[Event "Caissa IM September"]
[Site "Kecskemet HUN"]
[Date "2005.09.19"]
[Round "4"]
[White "Sarosi,Z"]
[Black "Keresztes,R"]
[Result "1/2-1/2"]
[WhiteElo "2336"]
[BlackElo "2232"]

1.d4 Nf6 2.c4 e6 3.Nc3 d5 4.Nf3 Be7 5.Bf4 O-O 6.e3 b6 7.cxd5 Nxd5 8.Nxd5 exd5
9.Bd3 c5 10.dxc5 bxc5 11.O-O Be6 12.Ne5 Qb6 13.e4 d4 14.Nc4 Qd8 15.e5 Nc6
16.a3 Qd7 17.Qc2 h6 18.Bg3 Bxc4 19.Bxc4 Na5 20.Ba2 Rfd8 21.Rad1 c4 22.Bxc4 Rac8
23.b3 Nxc4  1/2-1/2

[Event "10th ECC w"]
[Site "Saint Vincent ITA"]
[Date "2005.09.20"]
[Round "3"]
[White "Hoang Thanh Trang"]
[Black "Vasilevich,I"]
[Result "1-0"]
[WhiteElo "2476"]
[BlackElo "2407"]

1.d4 d5 2.c4 e6 3.Nc3 Nf6 4.Nf3 Be7 5.Bf4 O-O 6.e3 c5 7.dxc5 Bxc5 8.cxd5 Nxd5
9.Nxd5 exd5 10.a3 Nc6 11.Bd3 a6 12.b4 Bb6 13.O-O Bg4 14.h3 Bh5 15.Be2 Rc8
16.Rc1 h6 17.Qa4 Bc7 18.Bxc7 Rxc7 19.Rfd1 Rd7 20.b5 Bxf3 21.Bxf3 Ne5 22.Be2 axb5
23.Qxb5 Qe7 24.a4 Rfd8 25.Rd4 Ng6 26.Rcd1 Qg5 27.Bg4 Rd6 28.Qxb7 h5 29.f4 Qh4
30.Bf3 R8d7 31.Qb8+ Rd8 32.Qb4 Ne7 33.Qd2 g6 34.f5 Qf6 35.fxg6 fxg6 36.e4 Kg7
37.exd5 Nf5 38.Rb4 Qe7 39.Be4 Qa7+ 40.Qf2 Qxf2+ 41.Kxf2 Rf8 42.g4 hxg4 43.hxg4 Ne7+
44.Kg3 Kh6 45.a5 Kg5 46.Rb6 Nc8 47.Rxd6 Nxd6 48.Bf3 Ra8 49.Ra1 Kf6 50.Re1 Kf7
51.Re6 Nb7 52.Rb6 Nxa5 53.d6 Ra7 54.Bd5+ Ke8 55.Kf4 Nc4 56.Bxc4 Ra4 57.Rc6 Kd7
58.Rc5 Kxd6 59.Rd5+ Kc6 60.Rd4 Kc5 61.Re4  1-0

[Event "21st ECC"]
[Site "Saint Vincent ITA"]
[Date "2005.09.20"]
[Round "3"]
[White "Mamedyarov,S"]
[Black "Ivanovic,B"]
[Result "1-0"]
[WhiteElo "2646"]
[BlackElo "2438"]

1.d4 d5 2.c4 e6 3.Nc3 Be7 4.Nf3 Nf6 5.Bf4 O-O 6.e3 Nbd7 7.a3 c5 8.cxd5 Nxd5
9.Nxd5 exd5 10.dxc5 Nxc5 11.Be5 Be6 12.Be2 Bf6 13.Bxf6 Qxf6 14.Nd4 Rfd8 15.O-O Rac8
16.Rc1 Ne4 17.Rxc8 Rxc8 18.Qa4 a6 19.Qb4 Rc7 20.Bf3 h6 21.Qb6 Qe5 22.Rd1 Rd7
23.Bxe4 dxe4 24.Rc1 Kh7 25.h3 Bd5 26.Rc8 Bc6 27.Qa7 Bd5 28.Qc5 f6 29.b4 h5
30.Qf8 Bf7 31.g3 Rc7 32.Nf5  1-0

[Event "Geller mem Open A"]
[Site "Odessa UKR"]
[Date "2005.09.21"]
[Round "7"]
[White "Shishkin,Va UKR"]
[Black "Zubov,A UKR"]
[Result "1-0"]
[WhiteElo "2507"]
[BlackElo "2473"]

1.d4 Nf6 2.c4 e6 3.Nc3 d5 4.Nf3 Be7 5.Bf4 O-O 6.e3 c5 7.dxc5 Bxc5 8.cxd5 Nxd5
9.Nxd5 exd5 10.a3 Nc6 11.Bd3 Bb6 12.O-O d4 13.Qc2 h6 14.e4 Be6 15.b4 Rc8
16.Qd2 Ne7 17.Bxh6 Rc3 18.Bf4 Ng6 19.Bg3 Qd7 20.h4 Bg4 21.Nh2 Rfc8 22.Kh1 Bd8
23.f3 Bh5 24.Rfd1 Nxh4 25.Bf1 Bf6 26.Bf2 Qc7 27.Qe1 Qf4 28.Qd2 Re3 29.Rac1 Rxc1
30.Qxc1 Be5 31.Qc8+ Kh7 32.Qh3 g5 33.Bxe3 Qxe3 34.Bd3 Qf4 35.Nf1 Kg7 36.Be2 Qf6
37.Rd3 b5 38.Kg1 Bf4 39.g3 Bxf3 40.Bxf3 Be3+ 41.Rxe3 Nxf3+ 42.Rxf3 Qxf3 43.Qf5 Qxf5
44.exf5 Kf6 45.Kf2 Kxf5 46.Nd2 g4 47.Ke2 Ke5 48.Nb3 f5 49.Kd3 f4 50.gxf4+ Kxf4
51.Nxd4 a6 52.Ne6+ Kf3 53.Ng5+ Kf2 54.Kd4 Ke2 55.Ne4 Kf3 56.Kd5 Ke3 57.Ng3 Kf4
58.Nf1  1-0

[Event "10th ECC w"]
[Site "Saint Vincent ITA"]
[Date "2005.09.21"]
[Round "4"]
[White "Grabuzova,T"]
[Black "Kosintseva,T"]
[Result "1/2-1/2"]
[WhiteElo "2332"]
[BlackElo "2477"]

1.d4 Nf6 2.c4 e6 3.Nf3 d5 4.Nc3 Be7 5.Bf4 O-O 6.e3 Nbd7 7.c5 c6 8.Bd3 b6
9.b4 a5 10.a3 Ba6 11.O-O Qc8 12.h3 Qb7 13.Qc2 Bxd3 14.Qxd3 Ra7 15.Rfb1 Rfa8
16.Qd1 Qc8 17.Nd2 Bd8 18.Nb3 bxc5 19.bxc5 a4 20.Nc1 Ne4 21.Qc2 Nxc3 22.Qxc3 Bc7
23.Nd3 Bxf4 24.exf4 Rb7 25.Rb4 Rxb4 26.Nxb4 Nf6 27.Qe3 Qb7 28.f3 Rc8 29.g3 h6
30.Qd3 Nd7 31.Re1 Qc7 32.Kf2 Ra8 33.f5 e5 34.dxe5 Nxe5 35.Qd4 Nd7 36.Re7 Qc8
37.Qf4 Nxc5 38.Qd6 Nb3 39.Nxc6 Qxf5 40.Qd7 Qc2+ 41.Re2 Qc5+ 42.Kg2 Nd4 43.Re8+ Rxe8
44.Qxe8+ Kh7 45.Nxd4 Qxd4 46.Qxf7 Qd2+ 47.Kf1 Qd3+ 48.Kf2 d4 49.Qe7 Qc2+
50.Ke1 Qf5 51.Kf2 Qc2+ 52.Ke1 Qc3+ 53.Kf2 Qb2+ 54.Ke1 Qc2 55.g4 d3 56.Qe4+ Kh8
57.Qe8+ Kh7 58.Qe4+  1/2-1/2

[Event "Open A"]
[Site "Hamburg GER"]
[Date "2005.10.03"]
[Round "3"]
[White "Grohde,W"]
[Black "Zumsande,M"]
[Result "0-1"]
[WhiteElo "2168"]
[BlackElo "2368"]

1.d4 e6 2.c4 d5 3.Nc3 Be7 4.Nf3 Nf6 5.Bf4 O-O 6.e3 c5 7.dxc5 Bxc5 8.a3 Nc6
9.Be2 dxc4 10.Bxc4 a6 11.Qc2 Be7 12.Rd1 Qa5 13.O-O h6 14.Ba2 Qf5 15.Qxf5 exf5
16.Bd6 Re8 17.Bxe7 Rxe7 18.Rd6 Be6 19.Bxe6 fxe6 20.Rfd1 Rc8 21.h3 Kf7 22.Kf1 Rec7
23.Nd4 Nxd4 24.R6xd4 Ke7 25.Ke2 Rc4 26.Rd6 R8c7 27.R1d2 g5 28.g3 h5 29.f4 gxf4
30.gxf4 h4 31.Rd8 Rc8 32.Rxc8 Rxc8 33.Kf3 Nh5 34.Rc2 Ng3 35.Ne2 Nxe2 36.Rxe2 Rg8
37.Rc2 Rg3+ 38.Kf2 Kd6 39.Rd2+ Ke7 40.Rc2 Kf6 41.Rc7 b5 42.b4 Rxh3 43.Rc6 Rh2+
44.Kf3 Ra2 45.Rxa6 h3 46.Ra8 h2 47.Rh8 Ke7 48.Kg3 Rxa3 49.Kxh2 Rb3 50.Rb8 Rxb4
51.Kg3 Kd6 52.Kf3 Kc7 53.Re8 Re4 54.Ke2 Kb6 55.Kd3 Ka5 56.Ra8+ Kb4 57.Rb8 Ka4
58.Ra8+ Kb3 59.Rc8 b4 60.Rc7 Kb2 61.Rc2+ Ka3 62.Rc6 b3 63.Ra6+ Ra4 64.Rb6 Re4
65.Ra6+ Kb2 66.Rb6 Ka2 67.Ra6+ Kb1 68.Rb6 b2 69.Kd2 Ra4 70.Kc3 Kc1 71.Rxb2 Ra3+
72.Rb3 Rxb3+ 73.Kxb3 Kd2  0-1

[Event "Vojvodina Quality League"]
[Site "Pancevo SCG"]
[Date "2005.10.03"]
[Round "1"]
[White "Bogic,S"]
[Black "Pezelj,N"]
[Result "1-0"]
[WhiteElo "2286"]
[BlackElo "2333"]

1.d4 d5 2.c4 e6 3.Nc3 Nf6 4.Nf3 Be7 5.Bf4 O-O 6.e3 b6 7.cxd5 exd5 8.Bd3 Bb7
9.O-O c5 10.Ne5 Nc6 11.Rc1 Re8 12.Bb5 Qc8 13.Qa4 Nxe5 14.Bxe5 a6 15.Bxe8 Nxe8
16.Qb3 Qc6 17.f3 Nc7 18.Rfd1 Rd8 19.Bg3 h5 20.h3 b5 21.Qc2 b4 22.Ne2 Ne6
23.Nf4 h4 24.Nxe6 Qxe6 25.Bh2 c4 26.Kh1 Rc8 27.e4 dxe4 28.fxe4 c3 29.b3 Qg6  1-0

[Event "Open A"]
[Site "Hamburg GER"]
[Date "2005.10.04"]
[Round "4"]
[White "Lindinger,M"]
[Black "Berglitz,R"]
[Result "1-0"]
[WhiteElo "2303"]
[BlackElo "2076"]

1.d4 d5 2.c4 e6 3.Nc3 Be7 4.Nf3 Nf6 5.Bf4 O-O 6.e3 a6 7.cxd5 exd5 8.Qc2 c6
9.Bd3 Nbd7 10.g4 Ne4 11.Nxe4 dxe4 12.Bxe4 Nf6 13.O-O-O Bxg4 14.Rdg1 Nxe4
15.Qxe4 Bh5 16.Ne5 Qd5 17.Qf5 Bf3 18.Bh6 g6 19.Qxf3  1-0

[Event "Vojvodina Quality League"]
[Site "Pancevo SCG"]
[Date "2005.10.05"]
[Round "4"]
[White "Indjic,D"]
[Black "Somborski,N"]
[Result "1-0"]
[WhiteElo "2364"]
[BlackElo "2398"]

1.d4 d5 2.c4 e6 3.Nc3 Be7 4.Nf3 Nf6 5.Bf4 O-O 6.e3 c5 7.dxc5 Bxc5 8.a3 Nc6
9.cxd5 Nxd5 10.Nxd5 exd5 11.Bd3 Bb6 12.O-O Bg4 13.h3 Bh5 14.g4 Bg6 15.Bxg6 hxg6
16.b4 a6 17.Qd3 d4 18.e4 Re8 19.Rac1 Bc7 20.Bxc7 Qxc7 21.Rc5 Qf4 22.Re1 Re5
23.Rxc6 bxc6 24.Nxe5 Qxe5 25.Rc1 a5 26.Rc5 Qf4 27.Rxc6 axb4 28.axb4 Re8 29.Qxd4 Rxe4
30.Qd8+ Kh7 31.Qh4+ Qh6 32.Qxh6+ Kxh6 33.b5 Kg5 34.Rc5+ Kh4 35.Kg2 Rb4 36.Rc7 f5
37.gxf5 gxf5 38.Rc5 g6 39.Rc6 Rxb5 40.Rxg6 Rb3 41.Rg3 Rb2 42.Rf3 Rb5 43.Rf4+ Kg5
44.Kg3 Rb3+ 45.f3 Rb1 46.h4+ Kg6 47.Ra4 Rh1 48.Ra6+ Kf7 49.Rb6 Kg7 50.Ra6 Kf7
51.Ra2 Kg6 52.Ra6+ Kg7 53.Rb6 Kf7 54.Ra6 Kg7 55.Kf4 Rxh4+ 56.Kg5 Rb4 57.Ra7+ Kf8
58.f4 Rb5 59.Ra6 Kf7 60.Rf6+ Kg7 61.Re6 Kf7 62.Ra6 Kg7 63.Ra7+ Kf8 64.Kf6 Rb6+
65.Kxf5 Rb5+ 66.Kg6 Rb6+ 67.Kg5 Rc6 68.f5 Rb6 69.Rh7 Kg8 70.Re7 Ra6 71.Re6 Ra7
72.Kf6 Rf7+ 73.Kg6 Rg7+ 74.Kf6 Rf7+ 75.Kg5 Ra7 76.Rg6+ Kf8 77.Rh6 Kg8 78.Kg6 Rg7+
79.Kf6 Ra7 80.Kg5 Rb7 81.Ra6 Kg7 82.Rg6+ Kf8 83.Rh6 Kg8 84.Kg6 Rg7+ 85.Kf6 Ra7
86.Kg5 Rb7 87.Rg6+ Kf7 88.Ra6 Rc7 89.Rf6+ Kg7 90.Rh6 Kg8 91.Rh4 Ra7 92.Kg6 Rg7+
93.Kf6 Ra7 94.Rd4 Ra6+ 95.Kg5 Ra7 96.Kg6 Rg7+ 97.Kf6 Rf7+ 98.Ke6 Rf8 99.Rg4+ Kh7
100.f6 Ra8 101.Rg7+ Kh8 102.Rd7 Kg8 103.Ke7 Rf8 104.Rd1 Rf7+ 105.Ke6 Rf8
106.Rg1+ Kh8 107.Ke7 Ra8 108.Rd1 Ra7+ 109.Rd7 Ra1 110.Rd8+ Kh7 111.f7 Re1+
112.Kd7 Rd1+ 113.Kc7  1-0

[Event "5th ch-Asian"]
[Site "Hyderabad IND"]
[Date "2005.10.09"]
[Round "4"]
[White "Koneru,H"]
[Black "Grigoryan,K"]
[Result "1-0"]
[WhiteElo "2540"]
[BlackElo "2421"]

1.d4 Nf6 2.c4 e6 3.Nf3 d5 4.Nc3 Be7 5.Bf4 O-O 6.e3 c5 7.dxc5 Bxc5 8.a3 Nc6
9.Qc2 Qa5 10.Rd1 Be7 11.Nd2 e5 12.Bg5 d4 13.Nb3 Qb6 14.Bxf6 Bxf6 15.Nd5 Qd8
16.Bd3 g6 17.exd4 exd4 18.Nxf6+ Qxf6 19.O-O Rd8 20.Be4 Ne7 21.Rd2 Bf5 22.Rfd1 Qe5
23.f3 Rac8 24.Rxd4 Rxd4 25.Rxd4 b5 26.Qc3 Qc7 27.Nd2 Qb6 28.Kh1 Be6 29.b3 h5
30.h3 bxc4 31.Nxc4 Qc5 32.Qd3 Kh7 33.f4 Nf5 34.Bxf5 Bxf5 35.Qd2 Be6 36.Kh2 Rb8
37.b4 Qf5 38.Nd6 Qb1 39.f5 gxf5 40.Qg5 Qe1 41.Qxh5+ Kg8 42.Qg5+ Kf8 43.Qh6+ Kg8
44.Qf6  1-0

[Event "Autumn 5"]
[Site "Alushta UKR"]
[Date "2005.10.10"]
[Round "5"]
[White "Danielian,E"]
[Black "Birjukov,S"]
[Result "1-0"]
[WhiteElo "2433"]
[BlackElo "2318"]

1.d4 d5 2.Nf3 Nf6 3.c4 e6 4.Nc3 Be7 5.Bf4 O-O 6.e3 c6 7.Qc2 Nbd7 8.Rd1 a6
9.h3 b5 10.c5 b4 11.Nb1 a5 12.Nbd2 a4 13.g4 Qa5 14.Bd3 Ba6 15.O-O Bxd3 16.Qxd3 Qa6
17.Qc2 Rfe8 18.Kg2 Bd8 19.Rfe1 Ra7 20.Bg3 Bc7 21.g5 Nh5 22.e4 Nxg3 23.fxg3 Rb8
24.exd5 cxd5 25.Re3 Rb5 26.Rde1 Nb8 27.Qf5 g6 28.Qg4 Qc8 29.h4 b3 30.a3 Ba5
31.Rf1 Nc6 32.Re2 Rc7 33.Qf4 Bxd2 34.Rxd2 Re7 35.Re2 Qc7 36.Qf6 e5 37.dxe5 Re6
38.Qf4 Rxc5 39.Qxa4 Na5 40.Qf4 Rc4 41.Nd4 Qa7 42.Nxe6 Rxf4 43.Nxf4 d4 44.e6 d3
45.Nxd3 fxe6 46.Nf4 Qa8+ 47.Kh2 Qa6 48.Rff2 Nb7 49.Nxe6 h5 50.Rf8+ Kh7 51.Nf4 Qd6
52.Rfe8  1-0